000 00409nam a2200157Ia 4500
005 20250508155906.0
008 008 250505s9999 xx 000 0 eng d
037 _aPeriodicals
040 _aFEDL
_beng
_cFEDL
041 _aeng
_2eng
084 _qFEDL
245 0 _aIndian psychological review: A half yearly research journal. Vols 1,2
490 _vVol 1
942 _cCR
999 _c1359890
_d1359890